000 00693nam a2200217Ia 4500
003 GCL
008 140319s9999 xx 000 0 ara d
020 _a3208505977
040 _aGCL /
_cGCL
082 0 4 _a796.0456
_bا ت
100 1 _aاحمد ماهر
245 1 0 _aالتربية الرياضية للمكفوفين /
_cاحمد ماهر
700 1 _aاحمد ادم
260 _aالقاهرة :
_bمكتبة الانجلوالمصرية ،
_c2005
300 _a228 ص ؛
_c32 سم
650 0 4 _aالمكفوفون
650 0 4 _aالمكفوفون - رعاية
650 0 4 _aالمعوقون - الرياضة
650 0 4 _aالمكفوفون - تعليم
942 _2ddc
_cBK
999 _c56498
_d56498